Spotrebné výdavky súkromných domácností v členení podľa krajov na Slovensku
Spotrebné výdavky súkromných domácností v členení podľa regiónov SR. Závislosť výdavkov od výšky príjmov. Štruktúra výdavkov súkromnej domácnosti. Kvalita života obyvateľstva v jednotlivých regiónoch. Štatistika rodinných účtov.
Na minha lista:
| Autor principal: | |
|---|---|
| Formato: | Capítulo de Livro |
| Idioma: | eslovaco |
| Assuntos: | |
| Tags: |
Sem tags, seja o primeiro a adicionar uma tag!
|
MARC
| LEADER | 00000naa a2200000 4500 | ||
|---|---|---|---|
| 001 | 0123789 | ||
| 005 | 20220715093931.8 | ||
| 041 | 0 | |a slo | |
| 044 | |a SK | ||
| 245 | 1 | 0 | |a Spotrebné výdavky súkromných domácností v členení podľa krajov na Slovensku |c Vladimíra Želonková |
| 520 | |a Spotrebné výdavky súkromných domácností v členení podľa regiónov SR. Závislosť výdavkov od výšky príjmov. Štruktúra výdavkov súkromnej domácnosti. Kvalita života obyvateľstva v jednotlivých regiónoch. Štatistika rodinných účtov. | ||
| 610 | 2 | 0 | |a Slovensko |
| 610 | 2 | 0 | |a regióny |
| 610 | 2 | 0 | |a domácnosti |
| 610 | 2 | 0 | |a príjmy rodinné |
| 610 | 2 | 0 | |a náklady životné |
| 610 | 2 | 0 | |a účty rodinné |
| 610 | 2 | 0 | |a spotreba domácností |
| 610 | 2 | 0 | |a kvalita života |
| 610 | 2 | 0 | |a úroveň životná |
| 610 | 2 | 0 | |a štatistika spotreby |
| 100 | 1 | |a Želonková, Vladimíra | |